000 00950nam a22002417a 4500
999 _c8038
_d8038
003 AR-CdUCM
008 190322b ||||| |||| 00| 0 spa d
040 _aMUNICIPALIDAD PROVINCIAL DEL CUSCO
_cBIBLIOTECA MUNICIPAL DEL CUSCO
041 _heng
082 _a510 /
_bJ14
100 _aJaeger, J. C.
_922721
245 _aIntroducción a la Transformada de Laplace :
_bCon aplicaciones a Ingeniería /
260 _aMéxico :
_bHispano Americana ;
_c1966.
300 _a199 páginas ;
_bDiagramas, fórmulas
_c17cm
440 _aColección Manual Uteha
_n214/214a
_922722
500 _aSección 1
505 _aContenido: Teoría fundamental -- Teoría de los circuitos eléctricos -- Otros teoremas y sus aplicaciones -- Ecuaciones diferenciales parciales -- Empleo de la variable completa
650 _aMatemáticas
_99398
650 _aCircuitos eléctricos
_922723
650 _aEcuaciones
_919076
942 _2ddc
_cLIBROS
945 _anom